| 000 | 00454cam a2200181ua 4500 | ||
|---|---|---|---|
| 001 | 6421 | ||
| 008 | 131207n ii |||gr||||Z||||||eng | ||
| 040 | _cMAIN | ||
| 082 | _a658 | ||
| 245 |
_aBusiness Statistics _cBy S.C. Gupta |
||
| 260 |
_aBombay: _bHimalaya publishing house, _c1988. |
||
| 300 | _axvi,878p. | ||
| 653 | _aCommerce | ||
| 653 | _aBusiness statistics | ||
| 700 |
_aGupta,S.C., _eAuthor., |
||
| 700 | 1 |
_aGupta,Indra, _eAuthor. |
|
| 942 | _cBK | ||
| 999 |
_c5570 _d5570 |
||